000 01212cam a2200325 a 4500
001 13398411
003 OSt
005 20170208113400.0
008 031107s2004 maua b 001 0 eng
010 _a 2003115139
020 _a061837972X
035 _a(DLC) 2003115139
040 _aDLC
_cDLC
_dDLC
050 0 0 _aLB2395
_b.P3 2005
100 1 _aPauk, Walter.
245 1 0 _aHow to study in college /
_cWalter Pauk, Ross J. Q. Owens.
250 _a8th ed.
260 _aBoston :
_bHoughton Mifflin Co.,
_cc2005.
300 _axxvi, 342 p. :
_bill. ;
_c24 cm.
504 _aIncludes bibliographical references and index.
650 0 _aStudy skills.
650 0 _aCollege student orientation.
700 1 _aOwens, Ross J. Q.
856 4 2 _3Contributor biographical information
_uhttp://www.loc.gov/catdir/enhancements/fy1105/2003115139-b.html
856 4 2 _3Publisher description
_uhttp://www.loc.gov/catdir/enhancements/fy1105/2003115139-d.html
856 4 1 _3Table of contents only
_uhttp://www.loc.gov/catdir/enhancements/fy1105/2003115139-t.html
906 _a7
_bcbc
_corignew
_d2
_eepcn
_f20
_gy-gencatlg
942 _2lcc
_cBK
999 _c255407
_d255406